Atlas de riesgos agroclimáticos en el área agrícola argentina 2001-2010 /
Guardado en:
| Autor Principal: | |
|---|---|
| Autor Corporativo: | |
| Formato: | Electrónico |
| Idioma: | Undetermined |
| Publicado: |
Buenos Aires :
Ministerio de Agricultura, Ganadería y Pesca,
2011.
|
| Etiquetas: |
Agregar Etiqueta
Sin Etiquetas, Sea el primero en etiquetar este registro!
|
| LEADER | 00656nmm a22001455a 4500 | ||
|---|---|---|---|
| 001 | EEA.libagro009294 | ||
| 005 | 20180621122649.0 | ||
| 008 | 131213s2011####ag#########m########und#d | ||
| 100 | 1 | |a Sierra, Eduardo M. | |
| 245 | 1 | 0 | |a Atlas de riesgos agroclimáticos en el área agrícola argentina |h [recurso electrónico] : |b 2001-2010 / |c Eduardo M. Sierra, Martín Lollini. |
| 260 | |a Buenos Aires : |b Ministerio de Agricultura, Ganadería y Pesca, |c 2011. | ||
| 300 | |e 1 DVD. | ||
| 710 | 2 | |a Argentina. |b Ministerio de Agricultura, Ganadería y Pesca. | |
| 859 | |a AR-BbBCA |b BIB. AGRONOMIA |h 630.2515 |i S572 |p 2011/6006 | ||
| 859 | |a AR-BbBCA |b BIB. AGRONOMIA |h 630.2515 |i S572 |p 2011/6007 |t Ej.2 | ||
